Países Ecuatoriales - Estadísticas

Estadísticas generales
  • Esta prueba ha sido intentada 3.673 veces
  • La puntuación promedio es 8 de 11
Estadísticas de respuestas
País % Correcto
Ecuador
99%
Brasil
94%
R.D. Congo
87%
República del Congo
86%
Colombia
84%
Indonesia
83%
Kenia
75%
Gabón
67%
Uganda
63%
Somalia
60%
Santo Tomé y Príncipe
32%
No se encontraron pruebas coincidentes
Distribución de puntuación
Porcentaje de gente con cada puntuación
Porcentaje por número respondido
Historial de tus puntuaciones
No has intentado esta prueba.